| 000 | 00535nam a2200205Ia 4500 | ||
|---|---|---|---|
| 003 | OSt | ||
| 005 | 20250304101105.0 | ||
| 008 | 210210b1970 xxu||||| |||| 00| 0 eng d | ||
| 040 | _cAL | ||
| 041 | _ahin | ||
| 082 | _aH891.2 VENN | ||
| 100 |
_aVENKATARAMAIAH (C K) _9203626 |
||
| 110 |
_bवेंकटारमय्या (सी के) _9203627 |
||
| 245 |
_aNachiket: _bनचिकेत |
||
| 260 |
_aIlahabad _bKitab mahal _c1970 |
||
| 300 | _a109 | ||
| 690 |
_aHindi Drama _9203628 |
||
| 906 | _a029959 | ||
| 942 |
_2ddc _cBK |
||
| 999 |
_c81157 _d81157 |
||